A Daubner Cukrászda Kft. pénzügyi teljesítményének és piaci helyzetének elemzése, kitekintéssel az AI-alapú hatékonyságnövelés lehetőségeire a vendéglátásban
| Szerző: | |
|---|---|
| További közreműködők: | |
| Dokumentumtípus: | Diplomadolgozat |
| Kulcsszavak: | hatékonyság kis- és középvállalkozás - KKV mesterséges intelligencia pénzügyi elemzés vendéglátás |
| Online Access: | http://dolgozattar.uni-bge.hu/60347 |
MARC
| LEADER | 00000nta a2200000 i 4500 | ||
|---|---|---|---|
| 001 | dolg60347 | ||
| 005 | 20260409150452.0 | ||
| 008 | 260409suuuu hu om 000 hun d | ||
| 040 | |a BGE Dolgozattár Repozitórium |b hun | ||
| 041 | |a hu | ||
| 100 | 1 | |a Bánó Bulcsú | |
| 245 | 1 | 2 | |a A Daubner Cukrászda Kft. pénzügyi teljesítményének és piaci helyzetének elemzése, kitekintéssel az AI-alapú hatékonyságnövelés lehetőségeire a vendéglátásban |c Bánó Bulcsú |h [elektronikus dokumentum] |
| 520 | 3 | |a A dolgozatom a Daubner Cukrászda Kft. 2020 és 2024 közötti pénzügyi teljesítményét vizsgálja, különös tekintettel a válságidőszakok hatásaira, az eredményességi trendekre, a likviditási és tőkeszerkezeti változásokra. A kutatás célja annak feltárása, hogyan alakult át a vállalat pénzügyi helyzete az elmúlt évek gazdasági hatásai következtében, valamint hogyan helyezkedik el három versenytárshoz képest. A téma választását az motiválta, hogy saját AI-automatizációs ügynökségem, a BoostRise révén kiemelt érdeklődéssel foglalkozom a hatékonyságnövelés és a technológiai megoldások gyakorlati alkalmazásával. Ennek megfelelően a dolgozat második része mesterséges intelligenciára épülő fejlesztési javaslatokat mutat be. | |
| 695 | |a hatékonyság | ||
| 695 | |a kis- és középvállalkozás - KKV | ||
| 695 | |a mesterséges intelligencia | ||
| 695 | |a pénzügyi elemzés | ||
| 695 | |a vendéglátás | ||
| 700 | 1 | |a Németh Dr. Krisztina |e ths | |
| 856 | 4 | 0 | |u http://dolgozattar.uni-bge.hu/60347/1/bano_bulcsu_szakdolgozat_2025.pdf |z Dokumentum-elérés |
| 856 | 4 | 0 | |u http://dolgozattar.uni-bge.hu/60347/2/B%C3%A1n%C3%B3%20Bulcs%C3%BA_BA_N%C3%A9meth%20Krisztina.pdf |z Dokumentum-elérés |